Scream - Ghostface Killers - Statistics

General Stats
  • This quiz has been taken 255 times
    204 since last reset
  • The average score is 11 of 14
Answer Stats
Hint Answer % Correct
Scream (1996) Billy Loomis
99%
Stu Macher
98%
Amber Freeman
87%
Scream 2 (1997) Nancy Loomis aka Debbie Salt
87%
Scream 3 (2000) Roman Bridger
87%
Jill Roberts
84%
Mickey Altieri
83%
Scre4m (2011) Charlie Walker
82%
Scream (2022) Richie Kirsch
82%
Ethan Landry aka Kirsch
73%
Quinn Bailey aka Kirsch
73%
Scream VI (2023) Detective Wayne Bailey aka Kirsch
69%
Scream 7 (2026) Jessica Bowden
57%
Marco Davis
45%
No matching quizzes found
Score Distribution
Percent of People with Each Score
Percentile by Number Answered
Your Score History
You have not taken this quiz since the last reset